00324nam a2200133Ia 4500008004100000020001800041082001700059100001800076245004200094250000800136260003000144300000800174650000800182191201s2019 xx 000 0 und d a9789380016092 a005.133bSAD aSALARIA, R.S. 0aData structure and algorithms using C a4th aN.DelhibKhanna Publisher a522 aMCA